HISTOIRE DE LA LITTERATURE FRANCAISE CONTEMPORAINE (1870 A NOS JOURS) /

INCLUYE BIBLIOGRAFIA E INDICE

Gorde:
Xehetasun bibliografikoak
Egile nagusia: Lalou, René (autor)
Formatua: Liburua
Gaiak:
Etiketak: Etiketa erantsi
Etiketarik gabe, Izan zaitez lehena erregistro honi etiketa jartzen!

MARC

LEADER 00000nam^a2200000^a^4500
001 000233506
005 20250521000000.0
009 20260310104646.687
035 |a 056832 
037 |a Acervo Xavier Clavigero 
082 |a 840. 09 LAL 
100 |a Lalou, René  |e (autor) 
245 1 0 |a HISTOIRE DE LA LITTERATURE FRANCAISE CONTEMPORAINE (1870 A NOS JOURS) /  |c RENE LALOU 
264 |a PARIS :  |b G. CRES,  |c 1922 
300 |a 755 p. 
336 |a texto  |b txt  |2 rdacontenido 
337 |a sin mediación  |b n  |2 rdamedio 
338 |a volumen  |b nc  |2 rdasoporte 
520 |a INCLUYE BIBLIOGRAFIA E INDICE 
649 |a XX 
650 |a Literatura Francesa -  |x Historia y Crítica 
910 |a Fondo General 
920 |a Impresos - Libros 
930 |a Colección General 
940 |a Literatura 
905 |a 101 
901 |a 056832  |b IT1  |c LIT  |i 056832  |u 20250521 
902 |a https://opac.biblio.iteso.mx/vufind/Record/000233506